<?xml version="1.0" encoding="UTF-8"?>
<record
    xmlns:xsi="http://www.w3.org/2001/XMLSchema-instance"
    xsi:schemaLocation="http://www.loc.gov/MARC21/slim http://www.loc.gov/standards/marcxml/schema/MARC21slim.xsd"
    xmlns="http://www.loc.gov/MARC21/slim">

  <leader>00708nam a22001577a 4500</leader>
  <controlfield tag="003">OSt</controlfield>
  <controlfield tag="005">20150915095648.0</controlfield>
  <controlfield tag="008">150915b        xxu||||| |||| 00| 0 eng d</controlfield>
  <datafield tag="040" ind1=" " ind2=" ">
    <subfield code="c">RUA</subfield>
  </datafield>
  <datafield tag="082" ind1=" " ind2=" ">
    <subfield code="a">AGR YAV 2000 B023 Or.1</subfield>
  </datafield>
  <datafield tag="100" ind1=" " ind2=" ">
    <subfield code="9">485</subfield>
    <subfield code="a">YAV, MALOSYA.</subfield>
  </datafield>
  <datafield tag="245" ind1=" " ind2=" ">
    <subfield code="a">Study on the rural credit with wvic in kandal steung district kandal province &#x179F;&#x17B7;&#x1780;&#x17D2;&#x179F;&#x17B6;&#x1780;&#x17B6;&#x179A;&#x1792;&#x17D2;&#x179C;&#x17BE;&#x17CC;&#x17A5;&#x1791;&#x17B6;&#x1793;&#x1787;&#x1793;&#x1794;&#x1791;&#x179A;&#x1794;&#x179F;&#x17CB;&#x17A2;&#x1784;&#x17D2;&#x1782;&#x1780;&#x17B6;&#x179A;&#x1791;&#x179F;&#x17D2;&#x179F;&#x1793;&#x17C7;&#x1796;&#x17B7;&#x1797;&#x1796;&#x179B;&#x17C4;&#x1780;&#x17A2;&#x1793;&#x17D2;&#x178F;&#x179A;&#x1787;&#x17B6;&#x178F;&#x17B7;&#x1780;&#x1798;&#x17D2;&#x1796;&#x17BB;&#x1787;&#x17B6;&#x1793;&#x17C5;&#x179F;&#x17D2;&#x179A;&#x17BB;&#x1780;&#x1780;&#x178E;&#x17D2;&#x178A;&#x17B6;&#x179B;&#x179F;&#x17D2;&#x1791;&#x17BA;&#x1784;&#x1781;&#x17C1;&#x178F;&#x17D2;&#x178F;&#x1780;&#x178E;&#x17D2;&#x178A;&#x17B6;&#x179B;</subfield>
  </datafield>
  <datafield tag="260" ind1=" " ind2=" ">
    <subfield code="a">Phnom Penh</subfield>
    <subfield code="b">RUA</subfield>
    <subfield code="c">2000</subfield>
  </datafield>
  <datafield tag="300" ind1=" " ind2=" ">
    <subfield code="a">62p.</subfield>
    <subfield code="b">ill.</subfield>
    <subfield code="c">29cm.</subfield>
  </datafield>
  <datafield tag="942" ind1=" " ind2=" ">
    <subfield code="2">ddc</subfield>
    <subfield code="c">AGR</subfield>
  </datafield>
  <datafield tag="999" ind1=" " ind2=" ">
    <subfield code="c">465</subfield>
    <subfield code="d">465</subfield>
  </datafield>
  <datafield tag="952" ind1=" " ind2=" ">
    <subfield code="0">0</subfield>
    <subfield code="1">0</subfield>
    <subfield code="2">ddc</subfield>
    <subfield code="4">0</subfield>
    <subfield code="6">AGR_YAV_2000_000000000000000_B023_OR_1</subfield>
    <subfield code="7">0</subfield>
    <subfield code="9">2190</subfield>
    <subfield code="a">LBB</subfield>
    <subfield code="b">LBB</subfield>
    <subfield code="d">2015-09-15</subfield>
    <subfield code="o">AGR YAV 2000 B023 Or.1</subfield>
    <subfield code="p">RUA001989</subfield>
    <subfield code="r">2015-09-15</subfield>
    <subfield code="w">2015-09-15</subfield>
    <subfield code="y">AGR</subfield>
  </datafield>
  <datafield tag="952" ind1=" " ind2=" ">
    <subfield code="0">0</subfield>
    <subfield code="1">0</subfield>
    <subfield code="2">ddc</subfield>
    <subfield code="4">0</subfield>
    <subfield code="6">AGR_YAV_2000_000000000000000_B023_OR_2</subfield>
    <subfield code="7">0</subfield>
    <subfield code="9">2191</subfield>
    <subfield code="a">LBB</subfield>
    <subfield code="b">LBB</subfield>
    <subfield code="d">2015-09-15</subfield>
    <subfield code="o">AGR YAV 2000 B023 Or.2</subfield>
    <subfield code="p">RUA001656</subfield>
    <subfield code="r">2015-09-15</subfield>
    <subfield code="w">2015-09-15</subfield>
    <subfield code="y">AGR</subfield>
  </datafield>
  <datafield tag="952" ind1=" " ind2=" ">
    <subfield code="0">0</subfield>
    <subfield code="1">0</subfield>
    <subfield code="2">ddc</subfield>
    <subfield code="4">0</subfield>
    <subfield code="6">AGR_YAV_2000_000000000000000_B023_OR_3</subfield>
    <subfield code="7">0</subfield>
    <subfield code="9">2192</subfield>
    <subfield code="a">LBB</subfield>
    <subfield code="b">LBB</subfield>
    <subfield code="d">2015-09-15</subfield>
    <subfield code="o">AGR YAV 2000 B023 Or.3</subfield>
    <subfield code="p">RUA001943</subfield>
    <subfield code="r">2015-09-15</subfield>
    <subfield code="w">2015-09-15</subfield>
    <subfield code="y">AGR</subfield>
  </datafield>
  <datafield tag="952" ind1=" " ind2=" ">
    <subfield code="0">0</subfield>
    <subfield code="1">0</subfield>
    <subfield code="2">ddc</subfield>
    <subfield code="4">0</subfield>
    <subfield code="6">AGR_YAV_2000_000000000000000_B023_OR_4</subfield>
    <subfield code="7">0</subfield>
    <subfield code="9">2193</subfield>
    <subfield code="a">LBB</subfield>
    <subfield code="b">LBB</subfield>
    <subfield code="d">2015-09-15</subfield>
    <subfield code="o">AGR YAV 2000 B023 Or.4</subfield>
    <subfield code="p">RUA001736</subfield>
    <subfield code="r">2015-09-15</subfield>
    <subfield code="w">2015-09-15</subfield>
    <subfield code="y">AGR</subfield>
  </datafield>
  <datafield tag="952" ind1=" " ind2=" ">
    <subfield code="0">0</subfield>
    <subfield code="1">0</subfield>
    <subfield code="2">ddc</subfield>
    <subfield code="4">0</subfield>
    <subfield code="6">AGR_YAV_2000_000000000000000_B023_OR_5</subfield>
    <subfield code="7">0</subfield>
    <subfield code="9">2194</subfield>
    <subfield code="a">LBB</subfield>
    <subfield code="b">LBB</subfield>
    <subfield code="d">2015-09-15</subfield>
    <subfield code="o">AGR YAV 2000 B023 Or.5</subfield>
    <subfield code="p">RUA001713</subfield>
    <subfield code="r">2015-09-15</subfield>
    <subfield code="w">2015-09-15</subfield>
    <subfield code="y">AGR</subfield>
  </datafield>
  <datafield tag="952" ind1=" " ind2=" ">
    <subfield code="0">0</subfield>
    <subfield code="1">0</subfield>
    <subfield code="2">ddc</subfield>
    <subfield code="4">0</subfield>
    <subfield code="6">AGR_YAV_2000_000000000000000_B023_OR_6</subfield>
    <subfield code="7">0</subfield>
    <subfield code="9">2195</subfield>
    <subfield code="a">LBB</subfield>
    <subfield code="b">LBB</subfield>
    <subfield code="d">2015-09-15</subfield>
    <subfield code="o">AGR YAV 2000 B023 Or.6</subfield>
    <subfield code="p">RUA001661</subfield>
    <subfield code="r">2015-09-15</subfield>
    <subfield code="w">2015-09-15</subfield>
    <subfield code="y">AGR</subfield>
  </datafield>
  <datafield tag="952" ind1=" " ind2=" ">
    <subfield code="0">0</subfield>
    <subfield code="1">0</subfield>
    <subfield code="2">ddc</subfield>
    <subfield code="4">0</subfield>
    <subfield code="6">AGR_YAV_2000_000000000000000_B023_OR_7</subfield>
    <subfield code="7">0</subfield>
    <subfield code="9">2196</subfield>
    <subfield code="a">LBB</subfield>
    <subfield code="b">LBB</subfield>
    <subfield code="d">2015-09-15</subfield>
    <subfield code="o">AGR YAV 2000 B023 Or.7</subfield>
    <subfield code="p">RUA001664</subfield>
    <subfield code="r">2015-09-15</subfield>
    <subfield code="w">2015-09-15</subfield>
    <subfield code="y">AGR</subfield>
  </datafield>
  <datafield tag="952" ind1=" " ind2=" ">
    <subfield code="0">0</subfield>
    <subfield code="1">0</subfield>
    <subfield code="2">ddc</subfield>
    <subfield code="4">0</subfield>
    <subfield code="6">AGR_YAV_2000_000000000000000_B023_OR_8</subfield>
    <subfield code="7">0</subfield>
    <subfield code="9">45852</subfield>
    <subfield code="a">LBB</subfield>
    <subfield code="b">LBB</subfield>
    <subfield code="d">2016-06-15</subfield>
    <subfield code="o">AGR YAV 2000 B023 Or.8</subfield>
    <subfield code="p">RUA057483</subfield>
    <subfield code="r">2016-06-15</subfield>
    <subfield code="w">2016-06-15</subfield>
    <subfield code="y">AGR</subfield>
  </datafield>
</record>
